[Event "WCO2014"]
[Site "Tromso"]
[Date "2014.08.05"]
[Round "4.34"]
[WhiteID "1312383"]
[White "Gator Mosab"]
[BlackID "1116657"]
[Black "Stachanczyk Jacek"]
[Result "0-1"]
[LiveChessVersion "1.4.3"]
[BlackElo "2299"]
[WhiteElo "2166"]

1. e4 {[%clk 1:30:55]} c5 {[%clk 1:31:06]} 2. Nf3 {[%clk 1:31:03]} d6
{[%clk 1:31:35]} 3. d4 {[%clk 1:31:06]} cxd4 {[%clk 1:32:01]} 4. Nxd4
{[%clk 1:31:24]} Nf6 {[%clk 1:32:30]} 5. Nc3 {[%clk 1:31:40]} g6 {[%clk 1:32:56]}
6. Be3 {[%clk 1:31:15]} Bg7 {[%clk 1:33:19]} 7. f3 {[%clk 1:31:10]} Nc6 8. Qd2
O-O {[%clk 1:34:07]} 9. Bc4 {[%clk 1:30:35]} Bd7 {[%clk 1:34:28]} 10. Bb3
{[%clk 1:30:21]} Rc8 {[%clk 1:34:36]} 11. O-O-O {[%clk 1:27:54]} Ne5
{[%clk 1:34:51]} 12. h4 {[%clk 1:27:49]} Nc4 {[%clk 1:35:19]} 13. Bxc4
{[%clk 1:28:02]} Rxc4 {[%clk 1:14:54]} 14. Kb1 {[%clk 1:26:42]} b5
{[%clk 1:13:32]} 15. h5 {[%clk 1:14:59]} Nxh5 {[%clk 0:47:21]} 16. Nce2
{[%clk 0:59:06]} Nf6 {[%clk 0:33:40]} 17. Bh6 {[%clk 0:52:58]} Bh8
{[%clk 0:34:09]} 18. Bxf8 {[%clk 0:46:12]} Qxf8 {[%clk 0:31:56]} 19. g4
{[%clk 0:44:34]} Qc8 {[%clk 0:29:30]} 20. Nb3 {[%clk 0:35:39]} Bg7
{[%clk 0:21:25]} 21. Nf4 {[%clk 0:25:00]} h6 {[%clk 0:16:03]} 22. Ng2
{[%clk 0:21:12]} Be6 {[%clk 0:15:44]} 23. Ne3 {[%clk 0:17:24]} Ra4
{[%clk 0:13:28]} 24. Nd5 {[%clk 0:16:46]} Bxd5 {[%clk 0:12:27]} 25. exd5
{[%clk 0:17:08]} h5 {[%clk 0:12:46]} 26. gxh5 {[%clk 0:15:03]} Nxh5
{[%clk 0:13:05]} 27. Rxh5 {[%clk 0:11:22]} gxh5 {[%clk 0:07:07]} 28. Qg5
{[%clk 0:11:18]} Qf8 {[%clk 0:05:21]} 29. Nd4 {[%clk 0:08:44]} f5
{[%clk 0:02:44]} 30. b3 {[%clk 0:02:21]} Rxd4 {[%clk 0:02:12]} 31. Rxd4
{[%clk 0:02:48]} Qc8 {[%clk 0:01:34]} 32. Rd3 {[%clk 0:02:43]} Qc5
{[%clk 0:01:11]} 33. Qe3 {[%clk 0:01:42]} Qxe3 {[%clk 0:01:26]} 34. Rxe3
{[%clk 0:02:10]} Kf7 {[%clk 0:01:03]} 35. c3 {[%clk 0:01:32]} Be5
{[%clk 0:01:09]} 36. Kc2 {[%clk 0:01:44]} h4 {[%clk 0:01:18]} 37. Re1
{[%clk 0:01:07]} h3 {[%clk 0:01:16]} 38. Kd3 {[%clk 0:01:11]} h2 {[%clk 0:00:51]}
39. Ke3 {[%clk 0:00:50]} Bg3 {[%clk 0:00:39]} 40. Rh1 {[%clk 0:00:33]} Kg6
{[%clk 0:30:42]} 41. f4 {[%clk 0:00:39]} Kh5 {[%clk 0:31:04]} 42. Kf3
{[%clk 0:26:56]} Kh4 {[%clk 0:30:03]} 43. Kg2 {[%clk 0:24:55]} Bxf4
{[%clk 0:29:52]} 44. Re1 {[%clk 0:18:49]} Be5 {[%clk 0:29:28]} 45. c4
{[%clk 0:19:12]} bxc4 {[%clk 0:08:19]} 46. bxc4 {[%clk 0:19:40]} Bg3 47. Rxe7
{[%clk 0:15:06]} f4 {[%clk 0:08:36]} 48. Kh1 {[%clk 0:05:26]} f3 {[%clk 0:08:03]}
49. Rb7 {[%clk 0:04:11]} Be5 {[%clk 0:08:27]} 50. Rb1 {[%clk 0:03:31]} Kg3
{[%clk 0:08:15]} 51. Rd1 {[%clk 0:03:18]} f2 {[%clk 0:08:25]} 52. Rb1
{[%clk 0:01:17]} Kf3 {[%clk 0:08:20]} 53. Ra1 {[%clk 0:01:20]} Bf4
{[%clk 0:05:44]} 54. Rb1 {[%clk 0:00:41]} Kg3 {[%clk 0:05:28]} 55. Rf1
{[%clk 0:01:05]} Bd2 {[%clk 0:05:26]} 56. a3 {[%clk 0:00:39]} Bb4
{[%clk 0:05:14]} 57. Rd1 Bxa3 {[%clk 0:04:18]} 58. Rb1 {[%clk 0:00:56]} Bc5
{[%clk 0:04:08]} 59. Rb3+ {[%clk 0:01:11]} Be3 {[%clk 0:04:26]} 60. Rb1
{[%clk 0:01:14]} a5 0-1

[Event "WCO2014"]
[Site "Tromso"]
[Date "2014.08.05"]
[Round "4.33"]
[WhiteID "4633385"]
[White "Mueller Oliver"]
[BlackID "9200177"]
[Black "Asabri Hussien"]
[Result "1/2-1/2"]
[LiveChessVersion "1.4.3"]
[BlackElo "2202"]
[WhiteElo "2312"]

1. d4 Nf6 2. c4 c5 3. d5 b5 4. cxb5 a6 5. bxa6 g6 6. Nc3 Bxa6 7. g3 Bg7 8. Bg2 d6
9. Nf3 O-O 10. O-O Nfd7 11. Qc2 Nb6 12. Rd1 Nc4 13. Nd2 Ne5 14. b3 Nbd7 15. Bb2
Qa5 16. h3 Nf6 17. a3 Rfb8 18. Rab1 Ra7 19. Re1 Qc7 20. Na4 Ned7 21. Bc3 Bb5 22.
Nc4 Bxc4 23. bxc4 Rba8 24. Bxf6 Bxf6 25. Nc3 Bxc3 26. Qxc3 Rxa3 27. Qc2 R8a4 28.
Be4 Ne5 29. Bd3 Qa5 30. Rb8+ Kg7 31. Reb1 Ra2 32. Qc1 Qd2 33. Qxd2 Rxd2 34. R8b7
Kf6 35. R1b3 Raa2 36. Kf1 Rd1+ 37. Kg2 Nxd3 38. Rxd3 Rxd3 39. exd3 Ra3 40. f4 h5
41. g4 hxg4 42. hxg4 Rxd3 43. g5+ Kg7 44. Rxe7 Rd4 45. Kf3 Rd3+ 46. Re3 Rd4 47.
Re4 Rd3+ 48. Re3 Rd1 49. Re7 Rf1+ 50. Kg4 Rc1 51. Re4 Kf8 52. Kf3 Rc2 53. Kg3
Rc3+ 54. Kg4 1/2-1/2